[Event "Barbera del Valles op"]
[Site "Barbera del Valles"]
[Date "1995.??.??"]
[Round "2"]
[White "Glimbrant, Torbjorn"]
[Black "Campos Moreno, Javier B"]
[Result "1/2-1/2"]
[WhiteElo "2260"]
[BlackElo "2450"]

1.e4 c5 2.Nf3 Nc6 3.d4 cxd4 4.Nxd4 Nf6 5.Nc3 d6 6.Bg5 e6 7.Qd2 a6 8.O-O-O h6
9.Bf4 Bd7 10.Bg3 Rc8 11.Nb3 b5 12.Bxd6 b4 13.Bxf8 bxc3 14.Qxc3 Kxf8 15.Bxa6 Rc7
16.Nc5 Nb8 17.Bb5 Qc8 18.Nxd7+ Nbxd7 19.Qb4+ Kg8 20.Rd2 Kh7 21.a4 Nc5 22.f3 Qb7
23.Rhd1 e5 24.b3 Ne6 25.Kb2 Rhc8 26.Qd6 Qb8 27.c4 Ra7 28.Qxb8 Rxb8 29.Rd6 Nd4
30.Kc3 Ne8 31.R6xd4 exd4+ 32.Rxd4 Nc7 33.Rd2 Kg6 34.Kb4 Kf6 35.f4 g6 36.c5 Rab7
37.Rd6+ Kg7 38.c6 Rb6 39.Kc4 Kf8 40.Rd7 Nxb5 41.axb5 Rxb5 42.c7 Rb4+ 43.Kc5 R8b5+  1/2-1/2

[Event "Regionalliga SO9596"]
[Site "Bayern"]
[Date "1995.??.??"]
[Round "?"]
[White "Pflug, Matthias"]
[Black "Wagner, Hans"]
[Result "1/2-1/2"]
[WhiteElo "1810"]
[BlackElo "2130"]

1.e4 c5 2.Nf3 Nc6 3.d4 cxd4 4.Nxd4 Nf6 5.Nc3 d6 6.Bg5 e6 7.Bb5 Bd7 8.Bxc6 Bxc6
9.Nxc6 bxc6 10.e5 Qa5 11.Bxf6 gxf6 12.exd6 Qe5+ 13.Qe2 Bxd6 14.O-O-O Qxe2
15.Nxe2 O-O-O 16.f3 Kc7 17.Rd3 Rhg8 18.g3 Rg5 19.c4 Re5 20.Nc3 Rc5 21.b3 Rh5
22.Ne4 Ba3+ 23.Kc2 f5 24.Rxd8 Kxd8 25.Nc3 f4 26.Ne2 fxg3 27.Rd1+ Kc7 28.hxg3 Rh2
29.Kd3 h5 30.Rd2 Bd6 31.Ke3 Bb4 32.Rc2 Bc5+ 33.Ke4 Rg2 34.f4 Kd7 35.f5 exf5+
36.Kxf5 Bd6 37.Kg5 Bxg3 38.Kxh5 Be5 39.Nd4 Rg8 40.Rd2 Kc7 41.Nf3 Bd6 42.Rf2 f6  1/2-1/2

[Event "Regionalliga SW9596"]
[Site "Bayern"]
[Date "1995.??.??"]
[Round "?"]
[White "Gergen, Harald"]
[Black "Schuele, Herbert"]
[Result "1/2-1/2"]
[WhiteElo "1955"]
[BlackElo "2000"]

1.e4 c5 2.Nf3 d6 3.d4 cxd4 4.Nxd4 Nf6 5.Nc3 Nc6 6.Bg5 e6 7.Qd2 Be7 8.O-O-O O-O
9.f4 a6 10.Be2 Qc7 11.Bf3 Bd7 12.Kb1 Rab8 13.h4 b5 14.e5 dxe5 15.Nxc6 Bxc6
16.Bxc6 Qxc6 17.fxe5 b4 18.Ne2 Ne4 19.Qf4 Bc5 20.Nd4 Qb7 21.Rhe1 Bxd4 22.Rxe4 Bc5
23.Rc4 Rfc8 24.Qg3 Bf8 25.Rxc8 Rxc8 26.h5 Qe4 27.Rd2 a5 28.Qe3 Qc4 29.Qf2 Qg4
30.Qh4 Qf5 31.Qf4 Qxf4  1/2-1/2

[Event "Regionalliga SO9495"]
[Site "Bayern"]
[Date "1995.??.??"]
[Round "1"]
[White "Pollinger, Michael"]
[Black "Anka, Emil"]
[Result "0-1"]
[WhiteElo "2115"]
[BlackElo "2375"]

1.e4 c5 2.Nf3 Nc6 3.d4 cxd4 4.Nxd4 Nf6 5.Nc3 d6 6.Bg5 e6 7.Qd2 a6 8.O-O-O h6
9.Bf4 Bd7 10.Nxc6 Bxc6 11.Qe1 Qa5 12.Bc4 O-O-O 13.f3 Qc7 14.Rd3 Nd7 15.Qf2 Ne5
16.Bxe5 dxe5 17.Rxd8+ Qxd8 18.Qa7 Bb4 19.Rd1 Qg5+ 20.Kb1 Rd8 21.Qa8+ Kc7
22.Rxd8 Qxd8 23.Qxd8+ Kxd8 24.Nd1 Bc5 25.c3 Ke7 26.Kc2 Bg1 27.h3 Kf6 28.Kd2 Kg5
29.Ne3 Kf4 30.Nf1 h5 31.Ke2 h4 32.Bd3 f5 33.Nd2 b5 34.b3 g5 35.c4 b4 36.c5 Bxc5
37.Bxa6 Be3 38.Nc4 Bd4 39.Nd6 g4 40.hxg4 fxg4 41.fxg4 Kxg4 42.Bd3 Kg3 43.Kf1 Kf4
44.Ke2 Bc5 45.Nc4 Be8 46.Kf1 Bg6 47.Ke2 Bd4 48.a3 Kg3 49.Kf1 Bh5 50.Ke1 bxa3
51.Nxa3 Bf3 52.Bc4 Bc3+ 53.Kf1 Bxg2+  0-1

[Event "Regionalliga SO9495"]
[Site "Bayern"]
[Date "1995.??.??"]
[Round "1"]
[White "Anka, Emil"]
[Black "Scheipl, Ralf"]
[Result "1-0"]
[WhiteElo "2375"]
[BlackElo "2265"]

1.e4 c5 2.Nf3 d6 3.d4 cxd4 4.Nxd4 Nf6 5.Nc3 Nc6 6.Bg5 e6 7.Qd2 a6 8.O-O-O Bd7
9.f4 Be7 10.Nf3 b5 11.Bxf6 gxf6 12.f5 Qb6 13.Kb1 O-O-O 14.g3 Kb8 15.fxe6 fxe6
16.Bh3 Qc5 17.Ne2 Qh5 18.Bg2 e5 19.Qe3 Kb7 20.Nc3 Rc8 21.Nd5 Bd8 22.Nh4 Qf7
23.Rhf1 Be6 24.Nf5 Bxf5 25.Rxf5 Nd4 26.Rf2 Qh5 27.Bf3 Qg6 28.c3 Ne6 29.Bg2 Rc5
30.Ka1 Nc7 31.Nb4 Be7 32.Qe2 Rc4 33.Nc2 Rd8 34.Ne3 Rc6 35.Rdf1 Kb8 36.Nf5 Qf7
37.Nxe7 Qxe7 38.Rxf6 b4 39.c4 Ne6 40.Rf7 Qg5 41.b3 Nd4 42.Qd3 Qh6 43.h3 a5
44.Kb1 Rdc8 45.h4 Qh5 46.Bh3 R8c7 47.Rf8+ Ka7 48.Rg8 Rc5 49.Bg4 Qh6 50.Rff8 Rg7
51.Qf1 Rcc7 52.Ra8+ Kb7 53.Rgb8+ Kc6 54.Ra6+ Kc5 55.Rxa5+ Kc6 56.c5 Ra7 57.Rb6+  1-0

[Event "Oberliga Bayern9495"]
[Site "Bayern"]
[Date "1995.??.??"]
[Round "1"]
[White "Milov, Leonid"]
[Black "Kalinin, Alexander"]
[Result "1/2-1/2"]
[WhiteElo "2520"]
[BlackElo "2400"]

1.e4 c5 2.Nf3 d6 3.d4 cxd4 4.Nxd4 Nf6 5.Nc3 Nc6 6.Bg5 e6 7.Bb5 Bd7 8.Bxc6 bxc6
9.Qf3 h6 10.Bh4 e5 11.Nf5 Bxf5 12.Qxf5 Be7 13.f3 Qd7 14.Qxd7+ Nxd7 15.Bf2 Nf8
16.O-O-O Ne6 17.Ne2 Kd7 18.Rd3 Kc7 19.Rhd1 Rhd8 20.Rc3 Rdb8 21.Rc4 Kd7 22.Nc3 Bd8
23.Na4 Bb6 24.Nc5+ Nxc5 25.Bxc5 Bxc5 26.Rxc5 Kc7 27.Ra5 a6 28.Ra3 Rb6 29.Rad3 Rd8
30.c4 Rb4 31.b3 c5 32.f4 exf4 33.e5 Rb6 34.Rd5 Rc6 35.Kc2 g6 36.Kc3 Re8 37.Rxd6 Rxd6
38.Rxd6 Rxe5 39.Rxa6 Re2 40.Rf6 Rxg2 41.Rxf7+ Kd6 42.Rxf4 Rxa2 43.Rf6+ Kd7
44.h4 Rh2 45.Rxg6 Rxh4 46.Rg1 Rh2 47.Rg7+ Kc6 48.Rg6+ Kc7 49.Kd3 Rh3+ 50.Ke4 Rxb3
51.Kd5 Rh3 52.Kxc5 Rh5+ 53.Kb4 Kb7 54.Rf6 Kc7 55.Rf1 Kc6 56.Rf4 Kb6 57.Rg4 Kc6
58.Rg6+  1/2-1/2

[Event "Regionalliga NO9495"]
[Site "Bayern"]
[Date "1995.??.??"]
[Round "4"]
[White "Ponnath, Lorenz"]
[Black "Pasedag, Peter"]
[Result "0-1"]
[WhiteElo "2065"]
[BlackElo "2155"]

1.e4 c5 2.Nf3 Nc6 3.d4 cxd4 4.Nxd4 Nf6 5.Nc3 d6 6.Bg5 e6 7.f4 Qb6 8.Nb3 Be7
9.Qf3 O-O 10.O-O-O Rd8 11.g4 a5 12.a4 Bd7 13.Bh4 d5 14.Bf2 Qb4 15.Bd3 d4
16.Ne2 Qxa4 17.g5 Ne8 18.h4 Nb4 19.Bxd4 Nxd3+ 20.Rxd3 Bc6 21.Rhd1 Qc4 22.Qe3 a4
23.Nd2 Qa2 24.Nb1 Qc4 25.f5 e5 26.Bxe5 Rxd3 27.Qxd3 Qxe4 28.Qxe4 Bxe4 29.Rd7 Kf8
30.Ng3 Bc6 31.Rd3 Ra5 32.Bc3 Ra8 33.Nd2 b5 34.Nh5 b4 35.Bd4 f6 36.gxf6 Nxf6
37.Nf4 Kf7 38.Nc4 Be4 39.Ne5+ Kg8 40.Re3 a3 41.bxa3 bxa3 42.Nfd3 a2 43.Ba1 Ba3+
44.Kd2 Bxf5 45.Nc4 Ne4+ 46.Ke2 Be7  0-1

[Event "Regionalliga SO9495"]
[Site "Bayern"]
[Date "1995.??.??"]
[Round "8"]
[White "Beckert, Stefan"]
[Black "Larcher, Hans"]
[Result "1-0"]
[WhiteElo "1915"]
[BlackElo "1985"]

1.e4 c5 2.Nf3 Nc6 3.d4 cxd4 4.Nxd4 Nf6 5.Nc3 d6 6.Bg5 e6 7.Qd2 Be7 8.O-O-O h6
9.Bxf6 Bxf6 10.Ndb5 O-O 11.Nxd6 Nb4 12.Kb1 Qb6 13.e5 Be7 14.f4 Bd7 15.Qd4 Bc6
16.a3 Qxd4 17.Rxd4 Nd5 18.Nxd5 Bxd5 19.c4 Bc6 20.b4 a6 21.c5 Bd5 22.Rg1 f6
23.Bc4 fxe5 24.fxe5 Bxd6 25.cxd6 Bxc4 26.Rxc4 Rf5 27.Rd1 b5 28.Rc7 Kf8 29.d7 Rd8
30.Ra7 Rxe5 31.Rxa6 Re2 32.Rb6 Ke7 33.Rxb5 Rxg2 34.a4 Rxd7 35.Rxd7+ Kxd7
36.h4 Kd6 37.a5 g5 38.a6 Rg1+ 39.Kb2 Rg2+ 40.Kb3 Rg3+ 41.Ka4 Rg1 42.Rb6+ Kd5
43.Kb5 Ra1 44.hxg5 hxg5 45.Rb8 Ke4 46.Kb6 g4 47.a7 g3 48.a8=Q+ Rxa8 49.Rxa8 Kf3
50.Rf8+  1-0

[Event "Tan Cup"]
[Site "Beijing"]
[Date "1995.??.??"]
[Round "8"]
[White "Liang Jinrong"]
[Black "Wang Zili"]
[Result "0-1"]
[WhiteElo "2450"]
[BlackElo "2525"]

1.e4 c5 2.Nf3 d6 3.d4 cxd4 4.Nxd4 Nf6 5.Nc3 Nc6 6.Bg5 e6 7.Qd2 a6 8.O-O-O h6
9.Be3 Bd7 10.f3 b5 11.Kb1 Ne5 12.Bd3 Qc7 13.h4 b4 14.Nce2 d5 15.exd5 Nxd5
16.Rhe1 Nxd3 17.Qxd3 Nxe3 18.Qxe3 Bc5 19.f4 O-O 20.g3 Rfd8 21.Nc1 Ba4 22.b3 Qb6
23.bxa4 Bxd4 24.Qf3 Rac8 25.Nb3 Bf6 26.Rd3 Rxd3 27.cxd3 Qd6 28.Rd1 e5 29.fxe5 Qxe5
30.d4 Qe8 31.a5 Rc3 32.Rd3 Qe1+ 33.Qd1 Qf2 34.Rd2 Qf5+ 35.Kb2 Rxg3 36.Qc2 Qf4
37.h5 Rc3 38.Qd1 Rh3 39.Qe2 Re3 40.Qd1 Bg5 41.Rc2 Qf5 42.Qh1 Rf3 43.Qd1 Bf6
44.Qe2 Qd5 45.Qd1 Rxb3+ 46.axb3  0-1

[Event "Belgrade Trako"]
[Site "Belgrade"]
[Date "1995.??.??"]
[Round "1"]
[White "Timoshenko, Georgy"]
[Black "Cosma, Ioan"]
[Result "1/2-1/2"]
[WhiteElo "2555"]
[BlackElo "2440"]

1.e4 c5 2.Nf3 Nc6 3.d4 cxd4 4.Nxd4 Nf6 5.Nc3 d6 6.Bg5 e6 7.Qd2 Be7 8.O-O-O O-O
9.Be2 Nxd4 10.Qxd4 Nxe4  1/2-1/2

[Event "Belgrade Trako"]
[Site "Belgrade"]
[Date "1995.??.??"]
[Round "7"]
[White "Sahovic, Dragutin"]
[Black "Nestorovic, Dejan"]
[Result "0-1"]
[WhiteElo "2450"]
[BlackElo "2415"]

1.e4 c5 2.Nf3 d6 3.d4 cxd4 4.Nxd4 Nf6 5.Nc3 Nc6 6.Bg5 e6 7.Qd2 a6 8.O-O-O Bd7
9.f4 b5 10.Nxc6 Bxc6 11.Bd3 Be7 12.Kb1 b4 13.Bxf6 Bxf6 14.Ne2 Qb6 15.g4 g5
16.fxg5 Bg7 17.Rhf1 Qc5 18.Qf4 Ra7 19.Ng3 Be5 20.Qd2 a5 21.Rf3 a4 22.Bf1 a3
23.b3 Rc7 24.Qe3 Qxe3 25.Rxe3 Rg8 26.h4 h6 27.Ne2 hxg5 28.h5 Bf4 29.Nxf4 gxf4
30.Re2 Rxg4 31.Rxd6 f3 32.Rf2 Bxe4 33.Kc1 Rg1 34.Kd2 Rxc2+ 35.Ke3 Rxf2 36.Kxf2 Rh1  0-1

[Event "Berliner Sommer"]
[Site "Berlin"]
[Date "1995.??.??"]
[Round "4"]
[White "Sawatzki, Frank"]
[Black "Lerner, Konstantin Z"]
[Result "1/2-1/2"]
[WhiteElo "2245"]
[BlackElo "2605"]

1.e4 c5 2.Nf3 d6 3.d4 cxd4 4.Nxd4 Nf6 5.Nc3 Nc6 6.Bg5 e6 7.Qd2 a6 8.O-O-O h6
9.Be3 Bd7 10.f3 b5 11.Nxc6 Bxc6 12.g4 Qc7 13.Rg1 Nd7 14.Rg3 Be7 15.g5 hxg5
16.Bxg5 Nf6 17.Rh3 Rxh3 18.Bxh3 b4 19.Ne2 Qa5 20.Bxf6 gxf6 21.Kb1 O-O-O 22.Nd4 Bb7
23.Nb3 Qb6 24.c4 Kb8 25.Re1 a5 26.Bf1 f5 27.exf5 e5 28.Qe2 a4 29.Nd2 Bg5
30.Rd1 Be3 31.Ne4 Bd4 32.h4 Rh8 33.Qh2 Bc8 34.f6 Bb7 35.Bd3 d5 36.cxd5 Bxd5
37.Ng5 Qxf6 38.Qg3 Ka7 39.Be4 Bxe4+ 40.fxe4 a3 41.Nf3 Rg8 42.Qh3 Rd8 43.Nxd4 exd4
44.Qb3 Qe7 45.e5 axb2 46.Rf1 Rd7 47.Qa4+ Kb8 48.Rf6 Qxe5 49.Qxb4+ Rb7 50.Qf8+ Ka7
51.Qa3+  1/2-1/2

[Event "Berliner Sommer"]
[Site "Berlin"]
[Date "1995.??.??"]
[Round "4"]
[White "Wahls, Matthias"]
[Black "Anka, Emil"]
[Result "1-0"]
[WhiteElo "2550"]
[BlackElo "2410"]

1.e4 c5 2.Nf3 Nc6 3.d4 cxd4 4.Nxd4 Nf6 5.Nc3 d6 6.Bg5 e6 7.Qd2 a6 8.O-O-O Bd7
9.f4 h6 10.Bh4 g5 11.fxg5 Ng4 12.Be2 Nge5 13.Nxc6 Bxc6 14.g3 Ng6 15.Rhf1 Be7
16.gxh6 Nxh4 17.gxh4 Bf8 18.Qd4 Rh7 19.Nd5 Bxh6+ 20.Kb1 Bg7 21.Nf6+ Bxf6
22.Rxf6 Qc7 23.e5 d5 24.h5 O-O-O 25.h6 Rdh8 26.Qf4 Bb5 27.Bh5 Be8 28.Be2 Bb5
29.Bg4 Be8 30.Rxd5 Qc6 31.Rd3 Qh1+ 32.Rd1 Qc6 33.Bf3 Qb5 34.Be4 Qe2 35.Rc1 Rxh6
36.Rxh6 Rxh6 37.Qxh6 Qxe4 38.Qf8 Qc6 39.h4 Kc7 40.h5 Bd7 41.Qd6+  1-0

[Event "Berliner Sommer"]
[Site "Berlin"]
[Date "1995.??.??"]
[Round "6"]
[White "Ciemniak, Robert"]
[Black "Krakops, Maris"]
[Result "0-1"]
[WhiteElo "2395"]
[BlackElo "2525"]

1.e4 c5 2.Nf3 d6 3.d4 cxd4 4.Nxd4 Nf6 5.Nc3 Nc6 6.Bg5 e6 7.Qd2 a6 8.O-O-O h6
9.Be3 Bd7 10.f3 b5 11.Nxc6 Bxc6 12.Ne2 Be7 13.Nd4 Bb7 14.Kb1 Nd7 15.Qf2 O-O
16.Qg3 Kh8 17.Qh3 Rc8 18.Bd3 Ne5 19.Bxh6 gxh6 20.Qxh6+ Kg8 21.f4 Qb6 22.fxe5 Qxd4
23.exd6 Qf6 24.Qh3 Bd8 25.Rhf1 Qe5 26.Rf3 Bf6 27.Rxf6 Qxf6 28.Rf1 Qh8 29.Qe3 f6
30.d7 Rcd8 31.Qb6 Rxd7 32.Qxe6+ Rff7 33.Rf3 Qxh2 34.a4 Qe5 35.Qh3 Rh7 36.Rg3+ Kh8
37.Qg4 Rdg7  0-1

[Event "Berliner Sommer"]
[Site "Berlin"]
[Date "1995.??.??"]
[Round "9"]
[White "Iordachescu, Viorel"]
[Black "Wells, Peter K"]
[Result "0-1"]
[WhiteElo "2435"]
[BlackElo "2545"]

1.e4 c5 2.Nf3 Nc6 3.d4 cxd4 4.Nxd4 Nf6 5.Nc3 d6 6.Bg5 e6 7.Qd2 a6 8.O-O-O Bd7
9.Kb1 Be7 10.Nb3 b5 11.Bxf6 gxf6 12.f4 b4 13.Ne2 Qb6 14.f5 a5 15.Nf4 a4 16.Nc1 Ne5
17.Be2 b3 18.fxe6 bxc2+ 19.Qxc2 fxe6 20.a3 O-O 21.Na2 Qe3 22.Rhf1 Rfc8 23.Nc3 Rab8
24.Ka2 Rb3 25.Nd3 d5 26.Nxe5 Rcxc3 27.bxc3 Qc5 28.Qc1 Rxa3+ 29.Kb1 Rb3+ 30.Ka2 Ra3+
31.Kb1 Qb6+ 32.Kc2 Ra2+ 33.Kd3 dxe4+  0-1

[Event "Berliner Sommer"]
[Site "Berlin"]
[Date "1995.??.??"]
[Round "9"]
[White "Timoshenko, Georgy"]
[Black "Rechlis, Gad"]
[Result "0-1"]
[WhiteElo "2550"]
[BlackElo "2490"]

1.e4 c5 2.Nf3 d6 3.d4 cxd4 4.Nxd4 Nf6 5.Nc3 Nc6 6.Bg5 e6 7.Qd2 a6 8.O-O-O h6
9.Be3 Be7 10.f4 Nxd4 11.Bxd4 b5 12.Bd3 Bb7 13.Kb1 O-O 14.Qe2 b4 15.Na4 Nd7
16.b3 Bc6 17.Nb2 e5 18.Be3 a5 19.Bc1 Nc5 20.fxe5 dxe5 21.Bb5 Bxb5 22.Qxb5 Nxe4
23.Na4 Qe8 24.Qe2 Qc6 25.Rhe1 f5 26.Bb2 Rae8 27.Qf3 Bh4 28.Re3 Bg5 29.Red3 Rc8
30.Qe2 Bf6 31.Rd5 Rcd8 32.Rxd8 Bxd8 33.Bxe5 Re8 34.Qh5 Bg5 35.Bd4 g6 36.Qh3 Rd8
37.Rd3 Nd2+ 38.Kb2 Qe4 39.Bf2 Qe5+ 40.c3 Rc8 41.Be3 Ne4 42.Bxg5 hxg5 43.Qh6 Qf6
44.Rh3 Rc7 45.Rd3 Nxc3 46.Nxc3 Rxc3 47.Rxc3 Qxc3+ 48.Kb1 Qe1+ 49.Kc2 Qe2+
50.Kc1 Qf1+ 51.Kd2 Qxg2+ 52.Ke1 Qe4+ 53.Kf2 Qc2+ 54.Kf3 Qd1+ 55.Kf2 Qh5  0-1

[Event "Bern op"]
[Site "Bern"]
[Date "1995.??.??"]
[Round "5"]
[White "Spraggett, Kevin"]
[Black "Gurevich, Dmitry"]
[Result "1-0"]
[WhiteElo "2520"]
[BlackElo "2530"]

1.e4 c5 2.Nf3 d6 3.d4 cxd4 4.Nxd4 Nf6 5.Nc3 Nc6 6.Bg5 e6 7.Qd2 Be7 8.O-O-O O-O
9.Nb3 Qb6 10.f3 Rd8 11.Kb1 Qc7 12.Bf4 a6 13.g4 Ne5 14.g5 Nfd7 15.Qg2 b5 16.Bc1 Bb7
17.f4 b4 18.Ne2 Nc4 19.Ng3 d5 20.Bd3 Nc5 21.Nxc5 Qxc5 22.exd5 Bxd5 23.Be4 Bxe4
24.Nxe4 Qb5 25.Ka1 Rac8 26.h4 Qf5 27.Qe2 Nd6 28.Nxd6 Bxd6 29.Qxa6 Qxc2 30.Qd3 Qc6
31.Kb1 Be7 32.Qe2 g6 33.Rxd8+ Rxd8 34.Rd1 Rxd1 35.Qxd1 h5 36.gxh6 Kh7 37.Qe1 Qd5
38.Bd2 Qd3+ 39.Kc1 Qc4+ 40.Kb1  1-0

[Event "Bern op"]
[Site "Bern"]
[Date "1995.??.??"]
[Round "7"]
[White "Sziebert, Adam"]
[Black "Gurevich, Dmitry"]
[Result "0-1"]
[WhiteElo "2330"]
[BlackElo "2530"]

1.e4 c5 2.Nf3 d6 3.d4 cxd4 4.Nxd4 Nf6 5.Nc3 Nc6 6.Bg5 e6 7.Qd2 Be7 8.O-O-O O-O
9.Nb3 Qb6 10.f3 Rd8 11.Be3 Qc7 12.Qf2 d5 13.exd5 Nxd5 14.Nxd5 Rxd5 15.Rxd5 exd5
16.g4 Be6 17.a3 Bf6 18.g5 Be7 19.h4 Rc8 20.f4 d4 21.Nxd4 Nxd4 22.Bxd4 Bf5
23.Bh3 Bxc2 24.Bxc8 Be4+ 25.Bc3 Bxh1 26.Qd4 Bf8 27.Bf5 b5 28.h5 Qd6 29.Bd3 a6
30.Kd2 Bf3 31.Qxd6 Bxd6 32.Ke3 Bxh5 33.b4 Bg4 34.Be4 Bc8 35.f5 h6 36.g6 Be7
37.Bd5 Bxf5 38.Bxf7+ Kf8 39.Kf4 Bd3 40.Bd4 h5 41.Bd5 Bxg6 42.Bb7 Be8 43.Bxa6 g5+
44.Ke5 Kf7 45.Bc5 Bc6 46.Bc8 Bxc5 47.bxc5 Ke7 48.Bf5 Bg2 49.Kd4 g4 50.Ke3 g3
51.Kf4 h4 52.Kg4 Bc6  0-1

[Event "Biel op"]
[Site "Biel"]
[Date "1995.??.??"]
[Round "6"]
[White "Wahls, Matthias"]
[Black "Gheorghiu, Florin"]
[Result "1-0"]
[WhiteElo "2550"]
[BlackElo "2475"]

1.e4 c5 2.Nf3 d6 3.d4 cxd4 4.Nxd4 Nf6 5.Nc3 Nc6 6.Bg5 e6 7.Qd2 a6 8.O-O-O Bd7
9.f4 b5 10.Bxf6 gxf6 11.Nxc6 Bxc6 12.Bd3 Qb6 13.Kb1 O-O-O 14.f5 b4 15.Ne2 e5
16.Ng3 h5 17.Qe2 h4 18.Nh5 d5 19.Bxa6+ Kb8 20.Nxf6 dxe4 21.Rxd8+ Qxd8 22.Nxe4 Qd4
23.Bd3 Bh6 24.Re1 Rd8 25.g3 hxg3 26.hxg3 Kc7 27.Nf2 e4 28.Nxe4 Re8 29.c3 bxc3
30.bxc3 Rb8+ 31.Ka1 Bg7 32.f6 Bxf6 33.Rc1 Qe5 34.Nxf6 Qxf6 35.Qe3 Rb6 36.Bc4 Bd7
37.Rf1 Qd6 38.Bxf7 Qa3 39.Qc1 Qa5 40.Qf4+ Kc8 41.Qd2 Qe5 42.Qe1 Qa5 43.Rf2 Qa3
44.Rh2 Qa5 45.Rb2 Rf6 46.Bc4 Qc5 47.Rb4 Kd8 48.Rb8+ Kc7 49.Rb4 Kd8 50.Qd1 Rd6
51.Qf3 Bc6 52.Qf8+ Kc7 53.Qf7+ Bd7 54.Qf4 Qh5 55.Rb7+ Kxb7 56.Qxd6 Qh1+ 57.Kb2 Qg2+
58.Ka3 Bc6 59.Kb4 Qb2+ 60.Bb3 Qf2 61.a4 Qb6+ 62.Ka3 Qe3 63.a5 Qc1+ 64.Kb4 Qg5
65.Bc4  1-0

[Event "Biel Credis op"]
[Site "Biel"]
[Date "1995.??.??"]
[Round "7"]
[White "Masserey, Yvan"]
[Black "Suetin, Alexey S"]
[Result "1/2-1/2"]
[WhiteElo "2350"]
[BlackElo "2445"]

1.e4 c5 2.Nf3 Nc6 3.d4 cxd4 4.Nxd4 Nf6 5.Nc3 d6 6.Bg5 e6 7.Qd2 a6 8.O-O-O h6
9.Be3 Be7 10.f4 Bd7 11.Nf3 Qc7 12.Bd3 b5 13.h3 b4 14.Ne2 a5 15.Kb1 Rb8 16.g4 g6
17.f5 gxf5 18.gxf5 exf5 19.exf5 Ne5 20.Nxe5 dxe5 21.Bxh6 Rg8 22.Rhg1 Rd8
23.Rxg8+ Nxg8 24.Rg1 Nf6 25.Ng3 Bc6 26.Qe2 Rd4 27.Bg7 Nd7 28.Qh5 Rh4 29.Qe2 Rxh3  1/2-1/2

[Event "Biel op"]
[Site "Biel"]
[Date "1995.??.??"]
[Round "10"]
[White "Gofshtein, Leonid D"]
[Black "Tukmakov, Vladimir B"]
[Result "0-1"]
[WhiteElo "2535"]
[BlackElo "2600"]

1.e4 c5 2.Nf3 d6 3.d4 cxd4 4.Nxd4 Nf6 5.Nc3 Nc6 6.Bg5 e6 7.Qd2 a6 8.O-O-O h6
9.Be3 Qc7 10.f4 Bd7 11.Bd3 b5 12.Rhf1 Na5 13.Bg1 b4 14.Nce2 e5 15.fxe5 dxe5
16.Nf5 Be6 17.Kb1 Nc4 18.Qe1 g6 19.Ne3 Nxe3 20.Bxe3 Nd7 21.Nc1 Bc5 22.Bd2 a5
23.Qe2 Be7 24.h3 Kf8 25.Be3 Kg7 26.Qd2 Nc5 27.Nb3 Nd7 28.Rf2 a4 29.Nc1 Nc5
30.Rdf1 Rac8 31.Rf3 Nxd3 32.Nxd3 b3 33.Nxe5 bxc2+ 34.Kc1 Rhd8 35.Bxh6+ Kg8
36.Nd3 Qb7 37.Qf4 Qb5 38.Qe5 Qxe5 39.Nxe5 Bxa2 40.Nxf7 Rd1+ 41.Rxd1 cxd1=Q+
42.Kxd1 Bxf7  0-1

[Event "DLM"]
[Site "Binz"]
[Date "1995.??.??"]
[Round "2"]
[White "Haensel, Thomas"]
[Black "De Gleria, Francesco"]
[Result "0-1"]
[WhiteElo "2050"]
[BlackElo "2140"]

1.e4 c5 2.Nf3 d6 3.d4 cxd4 4.Nxd4 Nf6 5.Nc3 Nc6 6.Bg5 e6 7.Qd2 a6 8.a4 h6
9.Bxf6 Qxf6 10.Nb3 Be7 11.Be2 O-O 12.O-O b6 13.f4 Rb8 14.Kh1 Rd8 15.Qe3 Nb4
16.Bd3 e5 17.Rad1 exf4 18.Rxf4 Qe5 19.Qf2 Be6 20.Nd4 Bg5 21.Nxe6 fxe6 22.Rf3 Qc5
23.Rf1 Qxf2 24.R3xf2 Bf6 25.Nd1 Rbc8 26.b3 Rc5 27.Bc4 d5 28.exd5 b5 29.c3 Nxd5
30.axb5 axb5 31.Bxd5 Rcxd5 32.Ne3 Rd3 33.Ng4 Bxc3 34.Re2 h5 35.Nf2 Rd2 36.Rxd2 Rxd2
37.Ne4 Rd3 38.Nxc3 Rxc3 39.Rb1 Kf7 40.Kg1 Rc2 41.Re1 Rb2 42.Re3 Kf6 43.Rc3 b4
44.Rf3+ Ke5 45.Rg3 Kd4 46.Rxg7 e5 47.Rg5 e4 48.Rxh5 e3 49.Kf1 Rxb3 50.g4 Rb1+
51.Ke2 Rb2+ 52.Kd1 b3 53.Rh8 Rd2+ 54.Ke1 b2 55.Rd8+ Ke4 56.Re8+ Kf3  0-1

[Event "Bled op"]
[Site "Bled"]
[Date "1995.??.??"]
[Round "1"]
[White "Kodric, Martin"]
[Black "Polajzer, Danilo"]
[Result "0-1"]
[WhiteElo "2250"]
[BlackElo "2430"]

1.e4 c5 2.Nf3 Nc6 3.d4 cxd4 4.Nxd4 Nf6 5.Nc3 d6 6.Bg5 e6 7.Qd2 Be7 8.O-O-O O-O
9.f4 h6 10.Bh4 e5 11.Nxc6 bxc6 12.fxe5 dxe5 13.Qxd8 Rxd8 14.Rxd8+ Bxd8 15.Bc4 Kf8
16.Rf1 Ke7 17.Bf2 Nd7 18.Na4 f6 19.Be2 Bb6 20.Kd2 Bxf2 21.Rxf2 Nb6 22.Nc5 a5
23.b3 Kd6 24.Nd3 Be6 25.Nb2 Nd7 26.Ke3 Nb6 27.Kd3 Rd8 28.Kc3 Ke7 29.Nd3 Rd4
30.Nc5 Bc8 31.Bf3 Kd6 32.Nd3 c5 33.Rd2 c4 34.Nb2 Kc5 35.a3 Rxd2 36.Kxd2 cxb3
37.cxb3 Kd4 38.Nd1 Be6 39.Ne3 Bxb3 40.Nf5+ Kc4 41.Be2+ Kc5 42.Kc3 Bc4 43.Bd1 Bf1
44.g4 Nc4 45.Nxg7 Nxa3 46.Nh5 Nb5+ 47.Kb3 a4+ 48.Kc2 a3 49.Nxf6 Kc4 50.Nd5 Bd3+
51.Kc1 Bxe4 52.Be2+ Kxd5 53.Bxb5 Kd4 54.Bd7 Kc3 55.Be6 Bc2 56.h4 e4 57.g5 e3
58.Bc4  0-1

[Event "Bled op"]
[Site "Bled"]
[Date "1995.??.??"]
[Round "3"]
[White "Mazi, Leon"]
[Black "Kozul, Zdenko"]
[Result "1/2-1/2"]
[WhiteElo "2360"]
[BlackElo "2570"]

1.e4 c5 2.Nf3 Nc6 3.d4 cxd4 4.Nxd4 Nf6 5.Nc3 d6 6.Bg5 e6 7.Qd2 a6 8.O-O-O Bd7
9.f3 Be7 10.h4 O-O 11.g4 Nxd4 12.Qxd4 Bc6 13.Be3 Qa5 14.g5 Nd7 15.Bh3 b5
16.Kb1 b4 17.Ne2 d5 18.h5 Bc5 19.Qd2 Ne5 20.Bxc5 Qxc5 21.Qd4 Qxd4 22.Nxd4 Bb7  1/2-1/2

[Event "Bled op"]
[Site "Bled"]
[Date "1995.??.??"]
[Round "5"]
[White "Wells, Peter K"]
[Black "Kozul, Zdenko"]
[Result "0-1"]
[WhiteElo "2530"]
[BlackElo "2570"]

1.e4 c5 2.Nf3 Nc6 3.d4 cxd4 4.Nxd4 Nf6 5.Nc3 d6 6.Bg5 e6 7.Qd2 a6 8.O-O-O Bd7
9.f4 h6 10.Bh4 g5 11.fxg5 Ng4 12.Nxc6 Bxc6 13.Be2 Ne5 14.g3 Ng6 15.Rdf1 Qa5
16.Bh5 Be7 17.Bxg6 fxg6 18.Qd4 Qe5 19.Qxe5 dxe5 20.g4 b5 21.Rf2 b4 22.Nd1 h5
23.Bg3 Bxg5+ 24.Kb1 hxg4 25.Bxe5 Rh7 26.Bd6 O-O-O 27.Bxb4 g3 28.Re2 Bf4 29.h3 Rxh3
30.Rg1 Rh2 31.Nc3 Rxe2 32.Nxe2 Be3  0-1

[Event "Bled op"]
[Site "Bled"]
[Date "1995.??.??"]
[Round "6"]
[White "Simic, Dragan"]
[Black "Taggatz, Mario"]
[Result "1-0"]
[WhiteElo "2245"]
[BlackElo "2190"]

1.e4 c5 2.Nf3 d6 3.d4 cxd4 4.Nxd4 Nf6 5.Nc3 Nc6 6.Bg5 e6 7.Qd2 a6 8.O-O-O Bd7
9.f3 Be7 10.h4 Nxd4 11.Qxd4 b5 12.Kb1 Rc8 13.e5 dxe5 14.Qxe5 Qc7 15.Qxc7 Rxc7
16.Bf4 Rc8 17.Bd3 Bc6 18.Ne2 Bd5 19.a4 Bc4 20.axb5 axb5 21.b3 Bxd3 22.Rxd3 Nd5
23.Be5 Bf6 24.Bxf6 gxf6 25.Kb2 Ke7 26.Nc3 Nxc3 27.Rxc3 Rxc3 28.Kxc3 Rc8+
29.Kd2 Rd8+ 30.Ke3 f5 31.c4 bxc4 32.bxc4 Rg8 33.Rg1 e5 34.Kf2 Rc8 35.Rc1 Kd6
36.g4 fxg4 37.fxg4 f5 38.g5 e4 39.c5+ Ke5 40.c6 Rc7 41.Kg3 Kd4 42.Kf4 Kd3
43.Rd1+ Kc2 44.Ra1 Rxc6 45.Ra7 Re6 46.Ke3 f4+ 47.Ke2 Rc6 48.Rxh7 f3+ 49.Ke3 Re6
50.Rh6 Re8 51.g6 Kd1 52.h5 Ke1 53.g7  1-0

[Event "Bodensee-Cup"]
[Site "Bodensee"]
[Date "1995.??.??"]
[Round "?"]
[White "Landenbergue, Claude"]
[Black "Siegel, Georg"]
[Result "0-1"]
[WhiteElo "2430"]
[BlackElo "2505"]

1.e4 c5 2.Nf3 d6 3.d4 cxd4 4.Nxd4 Nf6 5.Nc3 Nc6 6.Bg5 e6 7.Qd2 a6 8.O-O-O h6
9.Be3 Be7 10.h3 Bd7 11.f4 b5 12.Bd3 Nxd4 13.Bxd4 Bc6 14.Qe3 b4 15.Ne2 O-O
16.Kb1 Nd7 17.Qg3 e5 18.Be3 Bf6 19.Rhf1 a5 20.fxe5 Bxe5 21.Bf4 a4 22.Bxe5 dxe5
23.Bc4 Qe7 24.Bd5 Rac8 25.Qd3 Nf6 26.g4 Rfd8 27.Qa6 Bxd5 28.exd5 a3 29.Qa5 axb2
30.Kxb2 Ra8 31.Qb5 b3 32.d6 Rxa2+ 33.Kxb3 Qe6+ 34.c4 Rxe2 35.Qc6 Rb8+ 36.Kc3 e4
37.Qc5 Nd7 38.Qd5 Qg6 39.Rb1 Rc8 40.Rb7 Nf6 41.Qd4 e3 42.Rf5 Rd2  0-1

[Event "Bonn GSK"]
[Site "Bonn"]
[Date "1995.??.??"]
[Round "11"]
[White "Slobodjan, Roman"]
[Black "Heinbuch, Detlef"]
[Result "1/2-1/2"]
[WhiteElo "2465"]
[BlackElo "2355"]

1.e4 c5 2.Nf3 Nc6 3.d4 cxd4 4.Nxd4 Nf6 5.Nc3 d6 6.Bg5 e6 7.Qd2 a6 8.O-O-O Bd7
9.f4 h6 10.Bh4 g5 11.fxg5 Ng4 12.Nxc6 Bxc6 13.Qf4 hxg5 14.Bxg5 Qxg5 15.Qxg5 Bh6
16.Qxh6 Rxh6 17.Rxd6 Nf2 18.Rg1 Rxh2 19.b4 Ke7 20.Rd4 Rg8 21.g3 Rh1 22.Rxh1 Nxh1
23.b5 axb5 24.Bxb5 Nxg3 25.Bxc6 bxc6 26.a4 e5  1/2-1/2

[Event "SWE-ch"]
[Site "Borlange"]
[Date "1995.??.??"]
[Round "2"]
[White "Moberg, Karl Johan"]
[Black "Schneider, Lars Ake"]
[Result "1-0"]
[WhiteElo "2420"]
[BlackElo "2420"]

1.e4 c5 2.Nf3 Nc6 3.d4 cxd4 4.Nxd4 Nf6 5.Nc3 d6 6.Bg5 e6 7.Qd2 a6 8.O-O-O Bd7
9.f4 b5 10.Bxf6 gxf6 11.Nxc6 Bxc6 12.Qe1 Be7 13.Bd3 Qb6 14.Kb1 Bb7 15.f5 O-O-O
16.Qh4 Kb8 17.Rhf1 Qc5 18.fxe6 fxe6 19.Ne2 Qe5 20.Nf4 Rde8 21.Qh5 Qxh5 22.Nxh5 Ref8
23.Nf4 Bc8 24.a4 bxa4 25.Bc4 e5 26.Nd5 Bd8 27.Nb4 Bc7 28.Nc6+ Kb7 29.Ne7 Bd7
30.Nf5 Bxf5 31.Rxf5 Kb6 32.Rd3 h6 33.Ra3 Rh7 34.Rxa4 a5 35.Bd5 Bd8 36.Rf3 Ka6
37.Rc3 Rc7 38.Bc4+ Kb6 39.Rb3+ Kc5 40.Bd5  1-0

[Event "SWE-ch"]
[Site "Borlange"]
[Date "1995.??.??"]
[Round "9"]
[White "Jonsson, M."]
[Black "Degerman, Lars"]
[Result "0-1"]
[WhiteElo "2335"]
[BlackElo "2485"]

1.e4 c5 2.Nf3 Nc6 3.d4 cxd4 4.Nxd4 Nf6 5.Nc3 d6 6.Bg5 e6 7.Qd2 a6 8.O-O-O h6
9.Be3 Qc7 10.f4 Bd7 11.h3 b5 12.Bd3 Na5 13.Qe2 Rc8 14.Nf3 b4 15.Nb1 Nc4 16.Bf2 a5
17.Nbd2 Nxd2 18.Rxd2 Be7 19.g4 a4 20.Kb1 a3 21.Bd4 axb2 22.g5 Nh5 23.Qh2 hxg5
24.fxg5 e5 25.Nxe5 dxe5 26.Bxe5 Qc6 27.h4 Ra8 28.Qe2 Ra5 29.Bh2 Be6 30.a4 Ba2+  0-1